Normal view
MARC view
- Big data
Entry Topical Term
001 - CONTROL NUMBER
- control field: 47074
003 - CONTROL NUMBER IDENTIFIER
- control field: OSt
005 - DATE AND TIME OF LATEST TRANSACTION
- control field: 20221213143220.0
008 - FIXED-LENGTH DATA ELEMENTS
- fixed length control field: 221213|| aca||aabn | a|a d
040 ## - CATALOGING SOURCE
- Original cataloging agency: OSt
- Transcribing agency: OSt
150 ## - HEADING--TOPICAL TERM
- Topical term or geographic name entry element: Big data
- General subdivision: Moral and ethical aspects
- General subdivision: Textbooks.
670 ## - SOURCE DATA FOUND
- Source citation: Work cat.: (OSt): Martin, Kirsten. 47072, Ethics of data and analytics : , ©2022.
